| Tag |
First Indicator |
Second Indicator |
Subfields |
| LEADER |
00000nam a2200000 4500 |
| 001 |
in00004194021 |
| 005 |
20200806082917.0 |
| 006 |
m g d |
| 007 |
cr bn |||a|bb| |
| 008 |
820731s1679 enk o 00 eng d |
| 035 |
|
|
|a (OCoLC)8648150
|
| 035 |
|
|
|a (UnM)99889259
|
| 037 |
|
|
|a CL2105000001
|b ProQuest Information and Learning. 300 N. Zeeb Rd., Ann Arbor, MI 48106
|
| 040 |
|
|
|a Cu-RivES
|c Cu-RivES
|d CStRLIN
|d Cu-RivES
|e dcrb
|
| 100 |
0 |
|
|a J. D.
|
| 245 |
1 |
2 |
|a A word without doors concerning the bill for succession·.
|
| 260 |
|
|
|a [London :
|b publisher not identified,
|c 1679]
|
| 300 |
|
|
|a 1 online resource (4 pages)
|
| 336 |
|
|
|a text
|b txt
|2 rdacontent
|
| 337 |
|
|
|a computer
|b c
|2 rdamedia
|
| 338 |
|
|
|a online resource
|b cr
|2 rdacarrier
|
| 500 |
|
|
|a Caption title.
|
| 500 |
|
|
|a Signed: J.D.
|
| 500 |
|
|
|a Imprint suggested by Wing.
|
| 500 |
|
|
|a A bifolium.
|
| 500 |
|
|
|a Concerns the succession of the Duke of York to the throne.
|
| 500 |
|
|
|a Reproduction of original in the British Library.
|
| 510 |
4 |
|
|a Wing (CD-ROM, 1996)
|c D48
|
| 510 |
4 |
|
|a Early English books tract supplement interim guide
|c T.100*[111]
|
| 533 |
|
|
|a Electronic reproduction.
|b Ann Arbor, Mich. :
|c UMI,
|d 1999-
|f (Early English books online)
|n Digital version of: (Early English books; Tract supplement ; C3:2[110])
|7 s1999 miun s
|
| 651 |
|
0 |
|a Great Britain
|x History
|y Charles II, 1660-1685
|v Early works to 1800.
|
| 651 |
|
0 |
|a Great Britain
|x Politics and government
|y 1660-1688
|v Early works to 1800.
|
| 651 |
|
0 |
|a Great Britain
|x Kings and rulers
|x Succession
|v Early works to 1800.
|
| 650 |
|
0 |
|a Kings and rulers
|x Succession
|v Early works to 1800.
|
| 830 |
|
0 |
|a Early English books online.
|
| 856 |
4 |
0 |
|u http://proxy.library.tamu.edu/login?url=https://search.proquest.com/docview/2240905147
|z Connect to the full text of this electronic book
|t 0
|
| 999 |
f |
f |
|s c2752919-7ad9-3d1c-8e63-372b2c7a425d
|i f819d3df-e421-3720-b24e-60b709307c39
|t 0
|
| 952 |
f |
f |
|a Texas A&M University
|b College Station
|c Electronic Resources
|d Available Online
|t 0
|h No information provided
|
| 998 |
f |
f |
|t 0
|l Available Online
|